| 000 | 00599nam a2200229Ia 4500 | ||
|---|---|---|---|
| 005 | 20241129115911.0 | ||
| 008 | 241129s9999||||xx |||||||||||||| ||und|| | ||
| 020 | _a9788126552566 | ||
| 037 | _aTB | ||
| 040 |
_aSDCL _beng _cSDCL |
||
| 041 |
_aeng _2eng |
||
| 084 |
_aC, Q4 _qSDCL |
||
| 100 |
_aWalker Jearl; Halliday David; Resnick Robert _9728621 |
||
| 245 | 0 | _aFundamentals of physics | |
| 250 | _a10th | ||
| 260 |
_aNew Delhi _bJohn Wiley _c2022 |
||
| 300 | _axxii,1244p+VP | ||
| 365 |
_aINR _b1049 |
||
| 650 | _aBiophysics | ||
| 942 |
_cTB _hC, Q4 |
||
| 999 |
_c1232493 _d1232493 |
||